| 000 | 01059pab a2200157 454500 | ||
|---|---|---|---|
| 008 | 180718b1999 xxu||||| |||| 00| 0 eng d | ||
| 100 | _aNotturno, Mark A. | ||
| 245 | _aPopper's critique of scientific socialism or Carnap and his co-workers | ||
| 260 | _c1999 | ||
| 300 | _ap.32-61 | ||
| 362 | _aMar | ||
| 520 | _aKarl Popper is widely regarded as the twentieth century's greatest critic of Marxism. This article, based upon his 1942-47 correspondence with Dudolf Carnap, shows that Popper's critique of scientific socialism had less to do with Marx's social goals than with the attitudes that Marxists adopted toward their means of achieving them. It also reveals how Carnap, who tried to keep his politics separate from his epistemology, managed to mix the two when refusing to give Popper his wholehearted support in finding both a publisher for The Open Society and its Enemies and a position that would give him greater opportunities for research. - Reproduced | ||
| 650 | _aSocialism | ||
| 773 | _aPhilosophy of the Social Sciences | ||
| 909 | _a41109 | ||
| 999 |
_c41109 _d41109 |
||